Statistiques concernant Héros de One Punch Man

Cliquez ici pour prendre le quiz!

Statistiques générales

  • Ce quiz a été pris 368 fois
  • Le résultat moyen est 12 sur 25

Statistiques - réponses

ClassementInformationsNom du Héros% Correct
Classe S - 14eCyborg blond & personnage secondaireGenos
92%
Classe B - 7eHéros principal, homme chauve extrèmement puissantSaitama
88%
Classe S - 2eEsper aux cheveux vertsTornade Tragique / Tatsumaki
84%
Classe S - 7ePersonnage considéré comme le plus fort, alors qu'il s'agit d'un otaku peureux.King
83%
Classe S - 3eVieil homme qui pratique les arts martiauxCroc d'Argent / Bang
74%
Classe S - 1erAucune information, jamais présentBlast
67%
Classe S - 4esamouraï prétentieux de 37 ansAtomic samouraï
64%
Classe S - 16eHéros attaquant avec une batte en métalBatte-Man
64%
Classe S - 8eHéros immortel qui peut se régénérer à l'infiniZombie-Man
58%
Classe S - 6eHéros se battant grâce à des robots télécommandésBofoy / Metal Knight
56%
Classe S - 5eJeune génie d'une dizaine d'annéePetit Empereur
54%
Classe B - 1èreSoeur de Tatsumaki, plus faible que celle-ciBlizzard Infernal / Fubuki
51%
Classe S - 17ePrisonnier gay, qui attaque nuPri Pri Prisonnier
50%
Classe C - 1erPersonnage sans particularité, à part son vélo et son sens de la justiceRoulette Rider
47%
Classe S - 12eHéros sans expression portant un déguisement de chienChien de Garde-Man
44%
Classe S - 15eChef de l'équipe débardeur et de la famille Marcel, dont il est l'aînéMaster Marcel
44%
Classe S - 13eHéros se déplacement à une vitesse impressionnanteFlashy Flash
36%
Classe S - 10eHomme obèse mangeant sans arrêt des sandwichsPur Porc
36%
Classe S - 11eHomme très musclé se battant torse nuSuper Black Brillant
36%
Classe A - 1erIdole des jeunes, se consacrant principalement à sa carrière de show-bizBeaugosse Masqué
34%
Classe C - 6eCadet de la famille Marcel et de l'équipe débardeur, habillé aux couleurs du tigreTiger Marcel
33%
Classe A - 26eHéros utilisant un lance pierre avec des billesGolden Ball
12%
Classe B - 81eMembre de l'équipe débardeur au marcel noirBlack Hole Marcel
10%
Classe A - 2eElève d'Atomic Samouraï, grand épéisteIaian
3%
Classe S - 9eChevalier en armure mystérieuxChevalier Turbine
2%

Distribution des résultats

Percentile par nombre de réponses

% des personnes avec chaque résultat

Votre développement - résultats

Vous n’avez pas pris ce quiz